| 000 | 00866nam a22002055i 4500 | ||
|---|---|---|---|
| 001 | 162452 | ||
| 003 | ES-MaACL | ||
| 005 | 20230906212529.0 | ||
| 008 | 041111s1896 sp |||| | spa d | ||
| 040 |
_aCAM _bspa _cCAM |
||
| 100 | 1 |
_aPorres García, Teodoto. _9131286 |
|
| 245 | 1 | 3 |
_aLa escarlatina : _btesis del doctorado, Madrid 4 Diciembre 1896 / _cTeodoto Porres García. |
| 260 |
_aMadrid ; _aValladolid : _b[s.n.], _c1896 ( _fTipo-litografía y encuadernación de Leonardo Miñón) |
||
| 300 |
_a73 p. ; _c21 cm. |
||
| 530 | _aDisponible en formato digital. | ||
| 594 | _aPrecede al tít.: Facultad de Medicina. | ||
| 650 | 4 |
_aEscarlatina. _9136010 |
|
| 852 |
_aES-MaACL _jT-858-F-3 _z-- Enc. hol. conservando la cub. original _z-- Enc. en un vol. facticio |
||
| 856 |
_uhttp://bdh-rd.bne.es/viewer.vm?id=0000143232&page=1 _zBiblioteca Digital Hispánica |
||
| 999 |
_c162452 _d162452 |
||